| 000 -LEADER |
| fixed length control field |
01875 a2200241 4500 |
| 003 - CONTROL NUMBER IDENTIFIER |
| control field |
Nust |
| 005 - DATE AND TIME OF LATEST TRANSACTION |
| control field |
20230404133648.0 |
| 010 ## - LIBRARY OF CONGRESS CONTROL NUMBER |
| LC control number |
94025299 |
| 020 ## - INTERNATIONAL STANDARD BOOK NUMBER |
| International Standard Book Number |
0070163219 (acid-free paper) |
| 040 ## - CATALOGING SOURCE |
| Transcribing agency |
Nust |
| 082 00 - DEWEY DECIMAL CLASSIFICATION NUMBER |
| Classification number |
629.832,DAZ |
| 100 1# - MAIN ENTRY--PERSONAL NAME |
| Personal name |
D'Azzo, John Joachim. |
| 9 (RLIN) |
110983 |
| 245 10 - TITLE STATEMENT |
| Title |
Linear control system analysis and design : |
| Remainder of title |
conventional and modern / |
| Statement of responsibility, etc. |
John J. D'Azzo, Constantine H. Houpis. |
| 250 ## - EDITION STATEMENT |
| Edition statement |
3rd ed. |
| 260 ## - PUBLICATION, DISTRIBUTION, ETC. |
| Place of publication, distribution, etc. |
New York : |
| Name of publisher, distributor, etc. |
McGraw-Hill, |
| Date of publication, distribution, etc. |
c1995. |
| 300 ## - PHYSICAL DESCRIPTION |
| Extent |
xviii, 763 p. : |
| Other physical details |
ill. ; |
| Dimensions |
25 cm. |
| 440 #0 - SERIES STATEMENT/ADDED ENTRY--TITLE |
| Title |
McGraw-Hill series in electrical and computer engineering. |
| 9 (RLIN) |
34577 |
| 505 ## - FORMATTED CONTENTS NOTE |
| Formatted contents note |
Introduction (Page-1), Writing system equations (Page -21), Solution of differential equations (Page- -73), Laplace transform (Page-101), System representation (Page-139), Control system characteristics (Page- -185), Root locus (Page -209), Frequency response (Page-252), Closed loop tracking performance based on the frequency response (Page-307), Root-locus compensation (Page-343), Cascade and feedback compensation frequency-response plots (Page-393), Control ratio modeling (Page-428), Closed-loop pole-zero assignment(state variable feedback (Page-452)14.parameter sensitivity and inaccessible states (page -488)15.liapunov,s second method (page -505), Introduction to optimal control (Page-542), Optimal design by use of quadratic performance index (Page -577), Structure properties of linear multivariable control systems (Page-619), Synthesis of linear multivariable regulators, observers, and trackers using entire eigen structure assignment (Page -643), Design of tracking system using output feedback (Page-660), Quantitative feedback theory technique (Page-686), Digital control systems (Page -743). |
| 650 #0 - SUBJECT ADDED ENTRY--TOPICAL TERM |
| Topical term or geographic name entry element |
Control theory. |
| 650 #0 - SUBJECT ADDED ENTRY--TOPICAL TERM |
| Topical term or geographic name entry element |
Linear control systems. |
| 700 1# - ADDED ENTRY--PERSONAL NAME |
| Personal name |
Houpis, Constantine H. |
| 9 (RLIN) |
110984 |
| 942 ## - ADDED ENTRY ELEMENTS (KOHA) |
| Source of classification or shelving scheme |
|
| Koha item type |
Book |